000 01126nam a22002777a 4500
003 PE SENCICO BE
005 20251020182647.0
008 231116b |||||||| |||| 00| 0 eng d
040 _aPE SENCICO BE
_cPE SENCICO BE
041 _aspa
084 _aI
_aDIS
_a2017
_bH82
100 1 _91799
_aHuarcaya Antayhua, Cynthia
_eautor
245 1 _aElementos visuales del diseño aplicados en la vivienda de Lima /
_cCynthia Huarcaya Antayhua
260 _aLima :
_c2017
300 _a62 h. :
_bil. col. ;
_c30 cm.
502 _aMonografía de Titulación.-- Servicio Nacional de Capacitación para la Industria de la Construcción. Escuela Superior Técnica. Carrera Profesional Técnica en Diseño de Interiores, 2017
650 1 0 _944
_aDiseño de interiores
650 2 0 _989
_aPercepción visual
650 2 0 _91800
_aAntropometría
650 2 0 _91801
_aDimensiones huamanas
650 2 0 _9199
_aDistribución de espacios (viviendas)
650 2 0 _9615
_aPlanos
710 1 _aServicio Nacional de Capacitación para la Industria de la Construcción.
_bEscuela Superior Técnica
_91065
910 _bhfp
_chfp
942 _cMON
999 _c4451
_d4451